| 000 | 00404nam a22001697a 4500 | ||
|---|---|---|---|
| 003 | OSt | ||
| 005 | 20210930091705.0 | ||
| 008 | 210930b |||||||| |||| 00| 0 eng d | ||
| 020 | _a9788173819353 | ||
| 040 | _cHU | ||
| 082 | _a536/KRO | ||
| 100 |
_aKRORI _qK.D.Krori _98422 |
||
| 245 | _aADVANCED HEAT and THERMODYNAMICS | ||
| 260 |
_aLONDON _bNew Central _c2014 |
||
| 300 | _a301 | ||
| 942 |
_2ddc _cBOOKS _n0 |
||
| 999 |
_c7809 _d7809 |
||